| 000 | 00644nam a2200241Ia 4500 | ||
|---|---|---|---|
| 003 | OSt | ||
| 005 | 20221005035034.0 | ||
| 006 | a|||||r|||| 00| 0 | ||
| 007 | ta | ||
| 008 | 221004b |||||||| |||| 00| 0 eng d | ||
| 024 | _a103665 | ||
| 037 | _cTextual | ||
| 040 |
_aCRL _cCRL _beng |
||
| 041 |
_2eng _aeng |
||
| 082 | _aB16, K1 | ||
| 100 |
_aMarkushevich A L _9587917 |
||
| 245 | 0 | _aComplex numbers and conformal mapping | |
| 260 |
_aDelhi _bHindustan Publishing Corp. India _c1961 |
||
| 500 | _aDSK Collections | ||
| 650 | _aMATHEMATICS | ||
| 942 |
_hB16, K1 _cTEXL _2cc |
||
| 999 |
_c944526 _d944526 |
||